[Event "COL-ch"]
[Site "Bogota"]
[Date "2018.11.11"]
[Round "8"]
[White "Murillo, Duber"]
[Black "Santamaria Vargas, Miguel"]
[Result "1-0"]
[WhiteElo "1620"]
[BlackElo "1919"]
[PlyCount "99"]
[EventDate "2018.11.06"]
[EventType "swiss"]
[EventRounds "9"]
[EventCountry "COL"]
[SourceTitle "CBM 187 Extra"]
[Source "ChessBase"]
[SourceDate "2018.11.04"]
[SourceVersion "1"]
[SourceVersionDate "2018.11.04"]
[SourceQuality "1"]

1. d4 Nf6 2. c4 e5 3. dxe5 Ng4 4. Nf3 Nc6 5. Bg5 Be7 6. Bf4 Bc5 7. e3 f6 8. exf6 Qxf6 9. Qc2 d6 10. Qe4+ Ne7 11. Qc2 Bf5 12. Qc1 Bxb1 13. Bg5 Bb4+ 14. Ke2 Bd3+ 15. Kxd3 Qf5+ 16. Ke2 Ng6 17. h3 N4e5 18. Qb1 Qf7 19. Qe4 c6 20. a3 Ba5 21. b4 Bc7 22. Nxe5 Nxe5 23. f4 0-0 24. Kd2 Ng6 25. Bd3 Rae8 26. Qf3 Kh8 27. Qh5 Kg8 28. Qf3 h6 29. Bxg6 Qxg6 30. Bh4 Qe6 31. Rhc1 Bb6 32. Rc3 Kh8 33. Bf2 Rf7 34. g3 Bd8 35. Rac1 Bf6 36. Rd3 Be7 37. h4 Rd8 38. Ke1 d5 39. cxd5 cxd5 40. Rcd1 Bf6 41. Rxd5 Re8 42. Kf1 Qa6+ 43. R1d3 Qc6 44. e4 Qc4 45. Bd4 Be7 46. Kg2 Ref8 47. f5 Qc1 48. Be5 Rc8 49. Kh3 Rc2 50. Rd1 1-0